Catálogo
 En Linea

Cincuenta años : (Registro nro. 51654)

Detalles MARC
000 -CABECERA
campo de control de longitud fija 00848nam a2200253 a 4500
001 - NÚMERO DE CONTROL
campo de control 000002021
003 - IDENTIFICADOR DEL NÚMERO DE CONTROL
campo de control DO-SdBNP
005 - FECHA Y HORA DE LA ÚLTIMA TRANSACCIÓN
campo de control 20240412074309.0
007 - CAMPO FIJO DE DESCRIPCIÓN FÍSICA--INFORMACIÓN GENERAL
campo de control de longitud fija ta
008 - DATOS DE LONGITUD FIJA--INFORMACIÓN GENERAL
campo de control de longitud fija 090630s2021 dr a 000 j spa d
040 ## - FUENTE DE LA CATALOGACIÓN
Centro catalogador/agencia de origen DO-SdBNP
Lengua de catalogación spa
Centro/agencia transcriptor BNPHU
082 ## - NÚMERO DE LA CLASIFICACIÓN DECIMAL DEWEY
Número de clasificación xxx
Número de documento/Ítem C574
110 ## - ENTRADA PRINCIPAL--NOMBRE DE ENTIDAD CORPORATIVA
Nombre de entidad corporativa o nombre de jurisdicción como elemento de entrada Escuelas Radiofonicas Santa María
9 (RLIN) 81562
245 10 - MENCIÓN DE TÍTULO
Título Cincuenta años :
Mención de responsabilidad, etc. historia de servicio 1971-2021
246 23 - FORMA VARIANTE DE TÍTULO
Título propio/Titulo breve 50 años :
Resto del título historia de servicio 1971-2021
246 28 - FORMA VARIANTE DE TÍTULO
Título propio/Titulo breve Antología 7mo Concurso de cuentos Radio Santa María
260 ## - PUBLICACIÓN, DISTRIBUCIÓN, ETC.
Lugar de publicación, distribución, etc. Santo Domingo :
Nombre del editor, distribuidor, etc. Grupo León Jiménes,
Fecha de publicación, distribución, etc. 2000.
Fabricante Amigo del Hogar
300 ## - DESCRIPCIÓN FÍSICA
Extensión 23 p. :
Otras características físicas il ;
Dimensiones 29 cm.
505 0# - NOTA DE CONTENIDO CON FORMATO
Título Menciones de honor : Manuela Rodríguez (Santiago) --
-- San Alejo los aleje /
590 ## - NOTA LOCAL (RLIN)
Nota local Inventariado, 2022 / DG
650 #0 - PUNTO DE ACCESO ADICIONAL DE MATERIA--TÉRMINO DE MATERIA
Término de materia o nombre geográfico como elemento de entrada Literatura dominicana.
9 (RLIN) 67
910 ## - DATOS DE OPCIÓN DEL USUARIO (OCLC)
Datos de opción del usuario DG
942 ## - ELEMENTOS DE PUNTO DE ACCESO ADICIONAL (KOHA)
Fuente del sistema de clasificación o colocación Dewey Decimal Classification
Tipo de ítem Koha Folleto
Existencias
Estado de retiro Estado de pérdida Fuente del sistema de clasificación o colocación Restricciones de uso No para préstamo Código de colección Localización permanente Ubicación/localización actual Ubicación en estantería Fecha de adquisición Total de préstamos Signatura topográfica completa Código de barras Fecha visto por última vez Precio válido a partir de Tipo de ítem Koha Número de copia
    Dewey Decimal Classification Excluido de préstamo   Monografías: Libros y Folletos Biblioteca Nacional Pedro Henríquez Ureña Patrimonio Dominicano En catalogación 06.05.2022   xxx C574 2022-1832 06.05.2022 06.05.2022 Folleto  
    Dewey Decimal Classification Excluido de préstamo   Monografías: Libros y Folletos Biblioteca Nacional Pedro Henríquez Ureña Patrimonio Dominicano En catalogación 06.05.2022   xxx C574 2022-1834 06.05.2022 06.05.2022 Folleto e.2
    Dewey Decimal Classification Excluido de préstamo   Monografías: Libros y Folletos Biblioteca Nacional Pedro Henríquez Ureña Patrimonio Dominicano En catalogación 06.05.2022   xxx C574 2022-1835 06.05.2022 06.05.2022 Folleto e.3

Con tecnología Koha